<?xml version="1.0" encoding="UTF-8"?>
<record
    xmlns:xsi="http://www.w3.org/2001/XMLSchema-instance"
    xsi:schemaLocation="http://www.loc.gov/MARC21/slim http://www.loc.gov/standards/marcxml/schema/MARC21slim.xsd"
    xmlns="http://www.loc.gov/MARC21/slim">

  <leader>     nam a22     7a 4500</leader>
  <datafield tag="999" ind1=" " ind2=" ">
    <subfield code="c">49203</subfield>
    <subfield code="d">49203</subfield>
  </datafield>
  <controlfield tag="003">OSt</controlfield>
  <controlfield tag="005">20191010105209.0</controlfield>
  <controlfield tag="008">191010b        xxu||||| |||| 00| 0 eng d</controlfield>
  <datafield tag="040" ind1=" " ind2=" ">
    <subfield code="c">IIMT COLLEGE OF ENGINEERING,GREATER NOIDA</subfield>
  </datafield>
  <datafield tag="100" ind1=" " ind2=" ">
    <subfield code="a">AGARWAL,B.K.&amp; AGARWAL,RAJEEV</subfield>
  </datafield>
  <datafield tag="245" ind1=" " ind2=" ">
    <subfield code="a">TAX PLANNING AND MANAGEMENT</subfield>
  </datafield>
  <datafield tag="260" ind1=" " ind2=" ">
    <subfield code="a">AGRA</subfield>
    <subfield code="b">NIRUPAM SAHITYA SADAN</subfield>
    <subfield code="c">2019-20</subfield>
  </datafield>
  <datafield tag="300" ind1=" " ind2=" ">
    <subfield code="a">480</subfield>
  </datafield>
  <datafield tag="942" ind1=" " ind2=" ">
    <subfield code="2">ddc</subfield>
    <subfield code="c">02</subfield>
  </datafield>
  <datafield tag="952" ind1=" " ind2=" ">
    <subfield code="0">0</subfield>
    <subfield code="1">0</subfield>
    <subfield code="2">ddc</subfield>
    <subfield code="4">0</subfield>
    <subfield code="7">0</subfield>
    <subfield code="a">21</subfield>
    <subfield code="b">21</subfield>
    <subfield code="d">2019-10-10</subfield>
    <subfield code="e">KIRTI</subfield>
    <subfield code="g">770.00</subfield>
    <subfield code="i">IN 5173/28/09/2019</subfield>
    <subfield code="l">2</subfield>
    <subfield code="p">21-B-5578</subfield>
    <subfield code="r">2024-03-21</subfield>
    <subfield code="s">2023-10-16</subfield>
    <subfield code="w">2019-10-10</subfield>
    <subfield code="y">02</subfield>
  </datafield>
  <datafield tag="952" ind1=" " ind2=" ">
    <subfield code="0">0</subfield>
    <subfield code="1">0</subfield>
    <subfield code="2">ddc</subfield>
    <subfield code="4">0</subfield>
    <subfield code="7">0</subfield>
    <subfield code="a">21</subfield>
    <subfield code="b">21</subfield>
    <subfield code="d">2019-10-10</subfield>
    <subfield code="e">KIRTI</subfield>
    <subfield code="g">770.00</subfield>
    <subfield code="i">IN 5173/28/09/2019</subfield>
    <subfield code="l">1</subfield>
    <subfield code="p">21-B-5579</subfield>
    <subfield code="r">2020-01-06</subfield>
    <subfield code="s">2019-10-16</subfield>
    <subfield code="w">2019-10-10</subfield>
    <subfield code="y">02</subfield>
  </datafield>
  <datafield tag="952" ind1=" " ind2=" ">
    <subfield code="0">0</subfield>
    <subfield code="1">0</subfield>
    <subfield code="2">ddc</subfield>
    <subfield code="4">0</subfield>
    <subfield code="7">0</subfield>
    <subfield code="a">21</subfield>
    <subfield code="b">21</subfield>
    <subfield code="d">2019-10-10</subfield>
    <subfield code="e">KIRTI</subfield>
    <subfield code="g">770.00</subfield>
    <subfield code="i">IN 5173/28/09/2019</subfield>
    <subfield code="l">1</subfield>
    <subfield code="p">21-B-5580</subfield>
    <subfield code="r">2024-06-18</subfield>
    <subfield code="s">2023-12-11</subfield>
    <subfield code="w">2019-10-10</subfield>
    <subfield code="y">02</subfield>
  </datafield>
  <datafield tag="952" ind1=" " ind2=" ">
    <subfield code="0">0</subfield>
    <subfield code="1">0</subfield>
    <subfield code="2">ddc</subfield>
    <subfield code="4">0</subfield>
    <subfield code="7">0</subfield>
    <subfield code="a">21</subfield>
    <subfield code="b">21</subfield>
    <subfield code="d">2019-10-10</subfield>
    <subfield code="e">KIRTI</subfield>
    <subfield code="g">770.00</subfield>
    <subfield code="i">IN 5173/28/09/2019</subfield>
    <subfield code="l">2</subfield>
    <subfield code="p">21-B-5581</subfield>
    <subfield code="r">2024-12-03</subfield>
    <subfield code="s">2024-11-27</subfield>
    <subfield code="w">2019-10-10</subfield>
    <subfield code="y">02</subfield>
  </datafield>
  <datafield tag="952" ind1=" " ind2=" ">
    <subfield code="0">0</subfield>
    <subfield code="1">0</subfield>
    <subfield code="2">ddc</subfield>
    <subfield code="4">0</subfield>
    <subfield code="7">0</subfield>
    <subfield code="a">21</subfield>
    <subfield code="b">21</subfield>
    <subfield code="d">2019-10-10</subfield>
    <subfield code="e">KIRTI</subfield>
    <subfield code="g">770.00</subfield>
    <subfield code="i">IN 5173/28/09/2019</subfield>
    <subfield code="l">3</subfield>
    <subfield code="p">21-B-5582</subfield>
    <subfield code="r">2024-03-07</subfield>
    <subfield code="s">2024-02-19</subfield>
    <subfield code="w">2019-10-10</subfield>
    <subfield code="y">02</subfield>
  </datafield>
  <datafield tag="952" ind1=" " ind2=" ">
    <subfield code="0">0</subfield>
    <subfield code="1">0</subfield>
    <subfield code="2">ddc</subfield>
    <subfield code="4">0</subfield>
    <subfield code="7">0</subfield>
    <subfield code="a">21</subfield>
    <subfield code="b">21</subfield>
    <subfield code="d">2019-10-10</subfield>
    <subfield code="e">KIRTI</subfield>
    <subfield code="g">770.00</subfield>
    <subfield code="i">IN 5173/28/09/2019</subfield>
    <subfield code="l">4</subfield>
    <subfield code="p">21-B-5583</subfield>
    <subfield code="r">2024-03-12</subfield>
    <subfield code="s">2023-10-19</subfield>
    <subfield code="w">2019-10-10</subfield>
    <subfield code="y">02</subfield>
  </datafield>
  <datafield tag="952" ind1=" " ind2=" ">
    <subfield code="0">0</subfield>
    <subfield code="1">0</subfield>
    <subfield code="2">ddc</subfield>
    <subfield code="4">0</subfield>
    <subfield code="7">0</subfield>
    <subfield code="a">21</subfield>
    <subfield code="b">21</subfield>
    <subfield code="d">2019-10-10</subfield>
    <subfield code="e">KIRTI</subfield>
    <subfield code="g">770.00</subfield>
    <subfield code="i">IN 5173/28/09/2019</subfield>
    <subfield code="l">1</subfield>
    <subfield code="p">21-B-5584</subfield>
    <subfield code="r">2024-03-15</subfield>
    <subfield code="s">2023-12-07</subfield>
    <subfield code="w">2019-10-10</subfield>
    <subfield code="y">02</subfield>
  </datafield>
  <datafield tag="952" ind1=" " ind2=" ">
    <subfield code="0">0</subfield>
    <subfield code="1">0</subfield>
    <subfield code="2">ddc</subfield>
    <subfield code="4">0</subfield>
    <subfield code="7">0</subfield>
    <subfield code="a">21</subfield>
    <subfield code="b">21</subfield>
    <subfield code="d">2019-10-10</subfield>
    <subfield code="e">KIRTI</subfield>
    <subfield code="g">770.00</subfield>
    <subfield code="i">IN 5173/28/09/2019</subfield>
    <subfield code="l">6</subfield>
    <subfield code="p">21-B-5585</subfield>
    <subfield code="r">2023-03-03</subfield>
    <subfield code="s">2022-11-21</subfield>
    <subfield code="w">2019-10-10</subfield>
    <subfield code="y">02</subfield>
  </datafield>
  <datafield tag="952" ind1=" " ind2=" ">
    <subfield code="0">0</subfield>
    <subfield code="1">0</subfield>
    <subfield code="2">ddc</subfield>
    <subfield code="4">0</subfield>
    <subfield code="7">0</subfield>
    <subfield code="a">21</subfield>
    <subfield code="b">21</subfield>
    <subfield code="d">2019-10-10</subfield>
    <subfield code="e">KIRTI</subfield>
    <subfield code="g">770.00</subfield>
    <subfield code="i">IN 5173/28/09/2019</subfield>
    <subfield code="l">3</subfield>
    <subfield code="p">21-B-5586</subfield>
    <subfield code="r">2024-04-02</subfield>
    <subfield code="s">2023-12-19</subfield>
    <subfield code="w">2019-10-10</subfield>
    <subfield code="y">02</subfield>
  </datafield>
  <datafield tag="952" ind1=" " ind2=" ">
    <subfield code="0">0</subfield>
    <subfield code="1">0</subfield>
    <subfield code="2">ddc</subfield>
    <subfield code="4">0</subfield>
    <subfield code="7">0</subfield>
    <subfield code="a">21</subfield>
    <subfield code="b">21</subfield>
    <subfield code="d">2019-10-10</subfield>
    <subfield code="e">KIRTI</subfield>
    <subfield code="g">770.00</subfield>
    <subfield code="i">IN 5173/28/09/2019</subfield>
    <subfield code="l">1</subfield>
    <subfield code="p">21-B-5587</subfield>
    <subfield code="r">2020-01-06</subfield>
    <subfield code="s">2019-10-16</subfield>
    <subfield code="w">2019-10-10</subfield>
    <subfield code="y">02</subfield>
  </datafield>
</record>
